000 00339nam a2200133Ia 4500
008 210716s1997 xx 000 0 und d
020 _a818710550X
041 _aeng
082 _a003.57 MORR
100 _aMortier R Shamms...[et.al].
245 _aPagemaker 6.5 complete.
260 _aNew Delhi
_bTechmedia
_c1997
300 _aXXI,903,27
999 _c184835
_d184835